The murder of a state : (Record no. 70362)

000 -LEADER
fixed length control field 01165cam a2200301 a 4500
001 - CONTROL NUMBER
control field 4903375
003 - CONTROL NUMBER IDENTIFIER
control field NUST - PNEC
005 - DATE AND TIME OF LATEST TRANSACTION
control field 20170116181138.0
008 - FIXED-LENGTH DATA ELEMENTS--GENERAL INFORMATION
fixed length control field 931217s1993 pk b b 001 0 eng
010 ## - LIBRARY OF CONGRESS CONTROL NUMBER
LC control number 93930412
020 ## - INTERNATIONAL STANDARD BOOK NUMBER
International Standard Book Number 9698118039 :
040 ## - CATALOGING SOURCE
Original cataloging agency DLC
Transcribing agency LIBRARY
Modifying agency DLC
042 ## - AUTHENTICATION CODE
Authentication code lcode
043 ## - GEOGRAPHIC AREA CODE
Geographic area code a-ii---
050 00 - LIBRARY OF CONGRESS CALL NUMBER
Classification number DS485.H9
Item number Q88 1993
082 ## - DEWEY DECIMAL CLASSIFICATION NUMBER
Classification number 954.9 AZI
100 0# - MAIN ENTRY--PERSONAL NAME
Personal name Qutubuddin Aziz.
245 14 - TITLE STATEMENT
Title The murder of a state :
Remainder of title a graphic account of India's military invasion of the Muslim-ruled State of Hyderabad in September, 1948 ... /
Statement of responsibility, etc. by Qutubuddin Aziz.
260 ## - PUBLICATION, DISTRIBUTION, ETC.
Place of publication, distribution, etc. Karachi, Pakistan :
Name of publisher, distributor, etc. Islamic Media Corp.,
Date of publication, distribution, etc. 1993.
300 ## - PHYSICAL DESCRIPTION
Extent iv, 236 p. :
Other physical details map ;
Dimensions 22 cm.
504 ## - BIBLIOGRAPHY, ETC. NOTE
Bibliography, etc. note Includes bibliographical references (p. 227-228) and index.
650 #0 - SUBJECT ADDED ENTRY--TOPICAL TERM
Topical term or geographic name entry element Political atrocities
Geographic subdivision India
-- Hyderabad (State)
General subdivision General
650 #0 - SUBJECT ADDED ENTRY--TOPICAL TERM
Topical term or geographic name entry element Muslims
General subdivision Political activity
Geographic subdivision India
-- Hyderabad (State)
651 #0 - SUBJECT ADDED ENTRY--GEOGRAPHIC NAME
Geographic name Hyderabad (India : State)
General subdivision Politics and government.
906 ## - LOCAL DATA ELEMENT F, LDF (RLIN)
a 7
b cbc
c origode
d 3
e ncip
f 19
g y-gencatlg
942 ## - ADDED ENTRY ELEMENTS (KOHA)
Source of classification or shelving scheme
Koha item type Book
Holdings
Withdrawn status Lost status Source of classification or shelving scheme Damaged status Not for loan Permanent Location Current Location Shelving location Date acquired Total Checkouts Full call number Barcode Date last seen Price effective from Koha item type
          Pakistan Navy Engineering College (PNEC) Pakistan Navy Engineering College (PNEC)       954.9 AZI PNECLIB-017312 10/07/2015   Book
© 2023 Central Library, National University of Sciences and Technology. All Rights Reserved.